000 00586nam a2200229Ia 4500
003 OSt
005 20221005124338.0
006 a|||||r|||| 00| 0
007 ta
008 221004b |||||||| |||| 00| 0 kan d
024 _a61584
037 _cTextual
040 _aCRL
_cCRL
_bkan
041 _2kan
_akan
082 _aV2:51wM7, 33K5
100 _aSharma Siddavanahallji
_9635068
245 0 _aMotilal Jawaharlal Nehru
260 _c1965
650 _aHISTORY
942 _hV2:51wM7, 33K5
_cTEXL
_2cc
999 _c1050195
_d1050195